000 00377nam a22001457a 4500
020 _qPB.
040 _cFizza Ishaq
082 _a364.132
_bCAR
100 _aWoodward, Bob.
_937767
245 _aAll the President's Men /
_cBob Woodward.
250 _a2nd Ed.
260 _aNew York,
_bSimon & Schuster;
_c1994.
300 _a349 P. ;
_c5.5 x 1 x 8.44 inches
942 _2ddc
_cBK
999 _c615493
_d615493